Электроника. Элементная база, аналоговые и цифровые функциональные устройства: учебное пособие

Bibliografiske detaljer
Hovedforfatter: Фомичев Ю. М. Юрий Михайлович
Institution som forfatter: Национальный исследовательский Томский политехнический университет (ТПУ)
Andre forfattere: Сергеев В. М. Виталий Михайлович
Summary:Заглавие с титульного экрана
В учебном пособии в лаконичной форме рассмотрены основные задачи, решаемые электронной техникой, дискретные и интегральные компоненты, необходимые для их решения, основы физических процессов в электронных устройствах и их аналитическое описание. Каждая глава сопровождается резюме, подчеркивающим основные моменты. Подготовлено на кафедре компьютерных измерительных систем и метрологии и предназначено для студентов, изучающих основы электроники
AM_TPU_network
Sprog:russisk
Udgivet: Томск, Изд-во ТПУ, 2011
Fag:
Online adgang:http://www.lib.tpu.ru/fulltext2/m/2012/m59.pdf
Format: MixedMaterials Electronisk Bog
KOHA link:https://koha.lib.tpu.ru/cgi-bin/koha/opac-detail.pl?biblionumber=209968

MARC

LEADER 00000nam0a2200000 4500
001 209968
005 20260421152328.0
035 |a (RuTPU)RU\TPU\book\229327 
090 |a 209968 
100 |a 20120217d2011 m y0rusy50 ca 
101 0 |a rus 
102 |a RU 
105 |a a j 001zy 
135 |a drgn ---uucaa 
181 0 |a i   |b  e  
182 0 |a b 
183 0 |a cr  |2 RDAcarrier 
200 1 |a Электроника. Элементная база, аналоговые и цифровые функциональные устройства  |e учебное пособие  |f Ю. М. Фомичев, В. М. Сергеев  |g Национальный исследовательский Томский политехнический университет (ТПУ) 
203 |a Текст  |c электронный  |b визуальный 
210 |a Томск  |c Изд-во ТПУ  |d 2011 
283 |a online_resource  |2 RDAcarrier 
300 |a Заглавие с титульного экрана 
330 |a В учебном пособии в лаконичной форме рассмотрены основные задачи, решаемые электронной техникой, дискретные и интегральные компоненты, необходимые для их решения, основы физических процессов в электронных устройствах и их аналитическое описание. Каждая глава сопровождается резюме, подчеркивающим основные моменты. Подготовлено на кафедре компьютерных измерительных систем и метрологии и предназначено для студентов, изучающих основы электроники 
371 |a AM_TPU_network 
488 1 |0 (RuTPU)RU\TPU\book\180565  |t Электроника. Элементная база, аналоговые и цифровые функциональные устройства  |o учебное пособие  |f Ю. М. Фомичев, В. М. Сергеев  |g Томский политехнический университет (ТПУ), Институт дистанционного образования (ИДО)  |c Томск  |n Изд-во ТПУ  |d 2009  |p 288 с.  |a Фомичев, Юрий Михайлович 
606 1 |a Электроника  |2 stltpush  |3 (RuTPU)RU\TPU\subj\20310  |9 45419 
610 1 |a электронный ресурс 
610 1 |a труды учёных ТПУ 
610 1 |a учебные пособия 
610 1 |a электронная техника 
610 1 |a электронные элементы 
610 1 |a математический аппарат 
610 1 |a полупроводники 
610 1 |a p-n переходы 
610 1 |a инерционность 
610 1 |a пробой 
610 1 |a многопереходные элементы 
610 1 |a биополярные транзисторы 
610 1 |a электронные усилители 
610 1 |a обратная связь 
610 1 |a усилительные каскады 
610 1 |a операционные усилители 
610 1 |a цифровая электроника 
610 1 |a автогенераторы 
610 1 |a логические функции 
610 1 |a триггеры 
610 1 |a параметры 
610 1 |a схемотехника 
610 1 |a регистры 
610 1 |a ЦАП 
610 1 |a АЦП 
610 1 |a цифроканальные преобразователи 
610 1 |a аналого-цифровые преобразователи 
610 1 |a микропроцессорная техника 
610 1 |a интегральные схемы 
675 |a 621.38(075.8)  |v 3 
700 1 |a Фомичев  |b Ю. М.  |c специалист в области компьютерных измерительных систем и неразрушающего контроля  |c доцент Томского политехнического университета, кандидат технических наук  |f 1937-  |g Юрий Михайлович  |y Томск  |3 (RuTPU)RU\TPU\pers\29291  |9 13890 
701 1 |a Сергеев  |b В. М.  |c специалист в области автоматики и радиоэлектронной аппаратуры  |c доцент Томского политехнического института, кандидат технических наук  |f 1937-  |g Виталий Михайлович  |9 89249 
712 0 2 |a Национальный исследовательский Томский политехнический университет (ТПУ)  |c (2009- )  |3 (RuTPU)RU\TPU\col\15902 
801 1 |a RU  |b 63413507  |c 20120217 
856 4 0 |u http://www.lib.tpu.ru/fulltext2/m/2012/m59.pdf  |z http://www.lib.tpu.ru/fulltext2/m/2012/m59.pdf 
942 |c CF